000 00480nam a2200157 i 4500
001 85660
003 ES-MaACL
005 20230906175259.0
007 t|
008 041130s1964 sp ||||1| spa d
100 1 _aJunceda Avelló, Enrique.
_967273
245 1 3 _aEl saber ginecológico del Padre Feijoo /
_cEnrique Junceda Avelló.
260 _aOviedo :
_bInstituto de Estudios Asturianos,
_c1964.
300 _a74 p., 7 lám. ;
_c20 cm.
852 _aES-MaACL
_jC-27497
_bR.55468
999 _c85660
_d85660